|
|
|
|
| LEADER |
01347nam a2200277 a 4500 |
| 001 |
12620388 |
| 008 |
100111s1998 bg 000 0 eng d |
| 010 |
|
|
|a 2001417086
|
| 040 |
|
|
|a DLC
|c DLC
|d DLC
|d BD-DhAAL
|
| 082 |
0 |
0 |
|a 324.954292/05
|2 21
|
| 245 |
0 |
0 |
|a Union parishad elections, 1997 /
|c editors, Fakhruddin Ahmed ... [et al.]
|
| 260 |
|
|
|a Dhaka :
|b Fair Election Monitoring Alliance,
|c 1998.
|
| 300 |
|
|
|a 148 p. ;
|c 23 cm.
|
| 500 |
|
|
|a "The report of the Fair Election Monitoring Alliance (FEMA)."
|
| 541 |
1 |
|
|e 00006362
|
| 546 |
|
|
|a Part in Bengali.
|
| 650 |
|
0 |
|a Election monitoring
|z Bangladesh.
|
| 650 |
|
0 |
|a Elections
|z Bangladesh.
|
| 651 |
|
0 |
|a Bangladesh
|x Politics and government.
|
| 700 |
1 |
|
|a Ahmed, Fakhruddin,
|d 1931-
|
| 710 |
2 |
|
|a Fair Election Monitoring Alliance (Bangladesh)
|
| 852 |
4 |
|
|a Ayesha Abed Library
|j General shelf
|
| 999 |
|
|
|c 6894
|d 6894
|
| 952 |
|
|
|0 0
|1 0
|2 ddc
|4 0
|6 324_954292050000000_UNI_1998
|7 0
|9 7105
|a BRACUL
|b BRACUL
|c GEN
|d 2010-01-12
|l 0
|o 324.95429205 UNI
|p 3010006362
|r 2010-01-12
|t 1
|w 2010-01-12
|y BK
|
| 952 |
|
|
|0 0
|1 0
|2 ddc
|4 0
|6 324_954292050000000_UNI_1998
|7 0
|9 7106
|a BRACUL
|b BRACUL
|c GEN
|d 2010-01-12
|l 0
|o 324.95429205 UNI
|p 3010006274
|r 2010-01-12
|t 2
|w 2010-01-12
|y BK
|
| 952 |
|
|
|0 0
|1 0
|2 ddc
|4 0
|6 324_954292050000000_UNI_1998
|7 0
|9 7108
|a BRACUL
|b BRACUL
|c GEN
|d 2010-01-12
|l 0
|o 324.95429205 UNI
|p 3010006361
|r 2010-01-12
|t 3
|w 2010-01-12
|y BK
|